Concurrence imparfaite et stratégie bancaire.

Modelová štúdia vzťahov obchodných bánk s využitím troch strategických postupov. Krátkodobé stratégie - trhová aktivita. Strednodobé stratégie - aktivita klientov. Dlhodobá stratégia - fyzické investície. Podmienky rastu aktivity klientov. Výška operačných nákladov. Riziká bankovej aktivity.

Salvato in:
Dettagli Bibliografici
Autore principale: Rochet, J.Ch
Natura: Capitolo di libro
Lingua:francese
Soggetti:
Tags: Aggiungi Tag
Nessun Tag, puoi essere il primo ad aggiungerne!!

MARC

LEADER 00000naa a2200000 4500
001 r010312
005 20220913125301.3
041 0 |a fre 
044 |a FR 
245 1 0 |a Concurrence imparfaite et stratégie bancaire.  |c J.Ch. Rochet 
520 |a Modelová štúdia vzťahov obchodných bánk s využitím troch strategických postupov. Krátkodobé stratégie - trhová aktivita. Strednodobé stratégie - aktivita klientov. Dlhodobá stratégia - fyzické investície. Podmienky rastu aktivity klientov. Výška operačných nákladov. Riziká bankovej aktivity. 
610 2 0 |a banky 
610 2 0 |a konkurencia 
610 2 0 |a modely 
610 2 0 |a trh 
610 2 0 |a zákazníci 
610 2 0 |a náklady 
610 2 0 |a investície 
610 2 0 |a riziko 
100 1 |a Rochet, J.Ch.